| 000 | 00408nam a2200181Ia 4500 | ||
|---|---|---|---|
| 003 | OSt | ||
| 005 | 20230704115136.0 | ||
| 008 | 210210b1956 xxu||||| |||| 00| 0 eng d | ||
| 040 | _cAL | ||
| 041 | _aeng | ||
| 082 | _a330/379 | ||
| 100 |
_aSALDANHA (C A) _9125398 |
||
| 245 | _aMalthus on population | ||
| 260 |
_aJalgaon _b- _c1956 |
||
| 690 |
_aEconomics _9125399 |
||
| 906 | _a003782 | ||
| 942 |
_2ddc _cBK |
||
| 999 |
_c120728 _d120728 |
||